| 000 | 00683nam a22001817a 4500 | ||
|---|---|---|---|
| 999 |
_c28687 _d28687 |
||
| 003 | BDDh-ASL | ||
| 005 | 20231016062619.0 | ||
| 008 | 220429s2018 b ||||| |||| 00| 0 b d | ||
| 040 | _cBDDh-ASL | ||
| 082 |
_a920.71 _bISP |
||
| 100 | 1 |
_96180 _aইসলাম, মোহাম্মদ আশরাফুল |
|
| 245 | 1 | _aপাঁচ বিদ্যাসাগর / | |
| 246 | _aPanch Biddasagar. | ||
| 260 |
_aঢাকা: _bকালান্তর প্রকাশনী, _c২০১৮। |
||
| 300 |
_a১১২ পৃষ্ঠা: _bছবি; _c২২ সে.মি. |
||
| 650 | 0 |
_abiographical dictionary - চরিতাভিধান _94665 |
|
| 942 |
_2ddc _cBK |
||